<?xml version="1.0" encoding="UTF-8"?>
<collection xmlns:xsi="http://www.w3.org/2001/XMLSchema-instance" xsi:schemaLocation="http://www.loc.gov/MARC21/slim http://www.loc.gov/standards/marcxml/schema/MARC21slim.xsd" xmlns="http://www.loc.gov/MARC21/slim">
 <record>
  <leader>00000cam a22000004a 4500</leader>
  <controlfield tag="001">UP-99796217611745058</controlfield>
  <controlfield tag="003">Buklod</controlfield>
  <controlfield tag="005">20230222152041.0</controlfield>
  <controlfield tag="006">m    go  j        </controlfield>
  <controlfield tag="007">cr |n |||auu|a</controlfield>
  <controlfield tag="008">751101c19529999enk     r    |0|| 0|eng d</controlfield>
  <datafield tag="022" ind1=" " ind2=" ">
   <subfield code="a">0085-204X</subfield>
  </datafield>
  <datafield tag="035" ind1=" " ind2=" ">
   <subfield code="a">(iLib)UPD-00248707559</subfield>
  </datafield>
  <datafield tag="040" ind1=" " ind2=" ">
   <subfield code="a">DLC</subfield>
   <subfield code="d">DML</subfield>
  </datafield>
  <datafield tag="041" ind1="0" ind2=" ">
   <subfield code="a">eng</subfield>
   <subfield code="a">fre</subfield>
  </datafield>
  <datafield tag="090" ind1=" " ind2=" ">
   <subfield code="a">Z 7164 E2</subfield>
   <subfield code="b">I58</subfield>
  </datafield>
  <datafield tag="222" ind1=" " ind2="0">
   <subfield code="a">International bibliography of economics</subfield>
  </datafield>
  <datafield tag="245" ind1="0" ind2="0">
   <subfield code="a">International bibliography of economics</subfield>
   <subfield code="b">Bibliographie internationale de science économique / établie par la Fondation nationale des sciences politiques (Paris) avec le concours de l'Association internationale des sciences économiques et du Comité international pour la documentation des sciences sociales.</subfield>
   <subfield code="c">prepared by the Fondation nationale des sciences politiques (Paris) with the assistance of the International Economic Association and the International Committee for Social Science Documentation.</subfield>
  </datafield>
  <datafield tag="246" ind1="1" ind2="1">
   <subfield code="a">Bibliographie internationale de science économique</subfield>
  </datafield>
  <datafield tag="246" ind1="1" ind2="3">
   <subfield code="a">Bibliographie internationale des sciences économiques</subfield>
   <subfield code="f">1988-&gt;</subfield>
  </datafield>
  <datafield tag="264" ind1=" " ind2="1">
   <subfield code="a">Paris</subfield>
   <subfield code="b">UNESCO</subfield>
   <subfield code="c">c1955-</subfield>
  </datafield>
  <datafield tag="300" ind1=" " ind2=" ">
   <subfield code="a">v.</subfield>
   <subfield code="c">c 24 cm.</subfield>
  </datafield>
  <datafield tag="310" ind1=" " ind2=" ">
   <subfield code="a">Annual</subfield>
  </datafield>
  <datafield tag="362" ind1="0" ind2=" ">
   <subfield code="a">Vol. 1 (works published in 1952)-</subfield>
  </datafield>
  <datafield tag="490" ind1="0" ind2=" ">
   <subfield code="a">1952- : Documentation in the social sciences = Documentation dans les sciences sociales</subfield>
  </datafield>
  <datafield tag="490" ind1="0" ind2=" ">
   <subfield code="a">1973-1987&gt;: International bibliography of the social sciences = Bibliographie internationale des sciences sociales</subfield>
  </datafield>
  <datafield tag="490" ind1="0" ind2=" ">
   <subfield code="a">1984&gt;-1986: Publications of the ICSSD = Publications du CIDSS</subfield>
  </datafield>
  <datafield tag="500" ind1=" " ind2=" ">
   <subfield code="a">Published: New York : Tavistock, &lt;1984-1986&gt;; London ; New York : Routledge, &lt;1986-&gt;</subfield>
  </datafield>
  <datafield tag="550" ind1=" " ind2=" ">
   <subfield code="a">Vols. for 1955-1959 prepared by the International Committee for Social Sciences Documentation in co-operation with the International Economic Association; 1960-1970 by the International Committee for Social Sciences Documentation; 1971-1986 by the International Committee for Social Science Information and Documentation; 1987- by the British Library of Political and Economic Science.</subfield>
  </datafield>
  <datafield tag="650" ind1=" " ind2="0">
   <subfield code="a">Economics</subfield>
   <subfield code="v">Bibliography</subfield>
   <subfield code="v">Periodicals.</subfield>
  </datafield>
  <datafield tag="710" ind1="2" ind2=" ">
   <subfield code="a">Fondation nationale des sciences politiques.</subfield>
  </datafield>
  <datafield tag="710" ind1="2" ind2=" ">
   <subfield code="a">International Economic Association.</subfield>
  </datafield>
  <datafield tag="710" ind1="2" ind2=" ">
   <subfield code="a">International Committee for Social Sciences Documentation.</subfield>
  </datafield>
  <datafield tag="710" ind1="2" ind2=" ">
   <subfield code="a">Unesco.</subfield>
  </datafield>
  <datafield tag="710" ind1="2" ind2=" ">
   <subfield code="a">International Committee for Social Science Information and Documentation.</subfield>
  </datafield>
  <datafield tag="710" ind1="2" ind2=" ">
   <subfield code="a">British Library of Political and Economic Science.</subfield>
  </datafield>
  <datafield tag="842" ind1=" " ind2=" ">
   <subfield code="a">Book</subfield>
  </datafield>
  <datafield tag="905" ind1=" " ind2=" ">
   <subfield code="a">FO</subfield>
  </datafield>
  <datafield tag="950" ind1=" " ind2=" ">
   <subfield code="a">Monograph</subfield>
  </datafield>
  <datafield tag="852" ind1="0" ind2=" ">
   <subfield code="a">UPD</subfield>
   <subfield code="b">DMLR</subfield>
   <subfield code="h">Z 7164 E2 I58</subfield>
  </datafield>
  <datafield tag="942" ind1=" " ind2=" ">
   <subfield code="a">Book</subfield>
  </datafield>
 </record>
</collection>
